|
|
|
|
| LEADER |
01574nam a2200409Ia 4500 |
| 001 |
EBC3137950 |
| 003 |
MiAaPQ |
| 005 |
20200520144314.0 |
| 006 |
m o d | |
| 007 |
cr cn||||||||| |
| 008 |
090807s2010 nyua sb 001 0 eng d |
| 010 |
|
|
|z 2009032730
|
| 020 |
|
|
|z 9780801447815
|
| 020 |
|
|
|z 080144781X
|
| 035 |
|
|
|a (MiAaPQ)EBC3137950
|
| 035 |
|
|
|a (Au-PeEL)EBL3137950
|
| 035 |
|
|
|a (CaPaEBR)ebr10457571
|
| 035 |
|
|
|a (CaONFJC)MIL759692
|
| 035 |
|
|
|a (OCoLC)726824204
|
| 040 |
|
|
|a MiAaPQ
|c MiAaPQ
|d MiAaPQ
|
| 050 |
|
4 |
|a HD9576.S33
|b H47 2010
|
| 082 |
0 |
4 |
|a 330.9538/05
|2 22
|
| 100 |
1 |
|
|a Hertog, Steffen.
|
| 245 |
1 |
0 |
|a Princes, brokers, and bureaucrats
|h [electronic resource] :
|b oil and the state in Saudi Arabia /
|c Steffen Hertog.
|
| 260 |
|
|
|a Ithaca :
|b Cornell University Press,
|c 2010.
|
| 300 |
|
|
|a xii, 297 p. :
|b ill.
|
| 504 |
|
|
|a Includes bibliographical references and index.
|
| 533 |
|
|
|a Electronic reproduction. Ann Arbor, MI : ProQuest, 2015. Available via World Wide Web. Access may be limited to ProQuest affiliated libraries.
|
| 650 |
|
0 |
|a Petroleum industry and trade
|x Government policy
|z Saudi Arabia.
|
| 650 |
|
0 |
|a Economic development
|x Political aspects
|z Saudi Arabia.
|
| 650 |
|
0 |
|a Bureaucracy
|z Saudi Arabia.
|
| 650 |
|
0 |
|a Patron and client
|z Saudi Arabia.
|
| 651 |
|
0 |
|a Saudi Arabia
|x Economic policy.
|
| 651 |
|
0 |
|a Saudi Arabia
|x Politics and government.
|
| 655 |
|
4 |
|a Electronic books.
|
| 710 |
2 |
|
|a ProQuest (Firm)
|
| 856 |
4 |
0 |
|u https://ebookcentral.proquest.com/lib/matrademy/detail.action?docID=3137950
|z Click to View
|